[Event "ESP-ch U14"]
[Site "Salobrena"]
[Date "2024.07.17"]
[Round "4"]
[White "Gimenez Llueca, Xavier"]
[Black "Mellado Sais, Carles"]
[Result "0-1"]
[WhiteElo "1631"]
[BlackElo "1833"]
[PlyCount "52"]
[EventDate "2024.07.15"]
[EventType "swiss"]
[EventRounds "9"]
[EventCountry "ESP"]
[SourceTitle "EXT 2025"]
[Source "ChessBase"]
[SourceDate "2024.10.14"]
[SourceVersion "1"]
[SourceVersionDate "2024.10.14"]
[SourceQuality "1"]

1. e4 c5 2. b3 g6 3. Bb2 Nf6 4. e5 Nd5 5. Bc4 Nb6 6. Bb5 Bg7 7. Nf3 0-0 8. 0-0 a6 9. Be2 Nc6 10. Re1 d5 11. Bd3 Qc7 12. Qe2 Bg4 13. Na3 Nd7 14. c4 d4 15. e6 Nde5 16. exf7+ Rxf7 17. Be4 Nxf3+ 18. gxf3 d3 19. Qxd3 Bxb2 20. fxg4 Rg7 21. Bd5+ Kh8 22. Nc2 Bxa1 23. Nxa1 Rf8 24. Re4 Ne5 25. Qh3 Nf3+ 26. Kh1 Ng5 0-1